00632nam a2200229 a 4500001001300000003000900013005001700022008004100039020001000080082001300090100002000103245003900123260004200162300000900204500003500213505001000248700002000258902000800278942000700286952009400293999001500387nice12345678IN_TiNIC20260116012913.0050524s1946 newa grp 000 0 eng  ac10000a150bJAS aJastrow, Joseph aFreud His Dreams and Sex Theories. aNew YorkbWorld Publishing Co.,c1946 a293p aincludes index and biblioraphy2 aIndex1 aJastrow, Joseph bRBA cBK 00104070aHMIbHMId2007-03-15g100.00l0o150 JASp12245r2007-03-15w2026-01-16yARB c8827d8827